000 00763 a2200253 4500
260 _aParis
100 _aVILLENEUVE, Claude
260 _bUNESCO et Multimondes
245 _aQui a peur de l'an 2000? : Guide déducation relative à l'environnement pour le développement durable
300 _aXXIV-303 p.
650 _a<Evironnement et développement>
650 _a<Education et environnement>
260 _c1998
300 _b(Couv. ill. en coul.) fig.; 23 cm
130 _lFr.
035 _a14466
035 _a14465
020 _a92-3-203437-9
999 _c13917
_d13917